000
00206 a2200097 4500
001
59164
100
_a
245
_a
Sher Shah soori
260
_a
Karachi
_b
Children Books Pub
_c
2006
090
_c
36244
_d
36244
942
_a
NUST-CAE
_c
_c
29163
999
_c
294237
_d
294237